000 00458nam a22001697a 4500
003 NUST - PNEC
005 20170116181137.0
008 151007b xxu||||| |||| 00| 0 eng d
020 _a007141200X
040 _cLIBRARY
082 _a629.892 SAN
100 _914406
_aSandin, Paul E.
245 _aRobot mechanisms and mechanical devices illustrated
_cPaul E. Sandin
260 _cc2003.
650 _914407
_aMechanical movements
_xME
942 _2ddc
_cBK
999 _c70308
_d70308